|
|
|
|
| LEADER |
00867cam a2200229 7i4500 |
| 001 |
0000042576 |
| 005 |
20170218090000.0 |
| 020 |
|
|
|a 9780415609654 (hbk.)
|
| 020 |
|
|
|a 0415609666 (pbk.)
|
| 020 |
|
|
|a 9780415609661 (pbk.)
|
| 020 |
|
|
|a 0415609658 (hbk.)
|
| 090 |
0 |
0 |
|a P91.3
|b .H313 2012
|
| 245 |
0 |
2 |
|a A handbook of media & communication research :
|b qualitative and quantitative methodologies
|c edited by Klaus Bruhn Jensen.
|
| 250 |
|
|
|a 2nd ed.
|
| 260 |
|
|
|a New York:
|b Routledge,
|c 2012.
|
| 300 |
|
|
|a xii, 431 p:
|b ill.;
|c 26 cm..
|
| 650 |
0 |
0 |
|a Humanities --
|x Methodology
|
| 650 |
0 |
0 |
|a Mass media --
|x Research --
|x Methodology
|
| 650 |
0 |
0 |
|a Social sciences --
|x Methodology
|
| 700 |
1 |
|
|a Jensen, Klaus Bruhn
|
| 997 |
|
|
|a Communication, Visual Art & Computing, Faculty
|b Communication, Department
|
| 999 |
|
|
|a 0000052272
|b BOK
|c OPEN SHELF
|e 1st Floor, Bestari Jaya
|